000 00342nam a2200121Ia 4500
005 20251222154308.0
008 251222s9999||||xx |||||||||||||| ||spa||
082 _a636.089/K74
100 _a"Konig, Horst ErichLiebich, Hans Georg"
245 0 _aAnatomía de los animales domásticos: Texto y atlas en color
250 _a2a.ed.
942 _cLIB
999 _c33297
_d33297